000
00304nam a22001337a 4500
003
SGT
082
_a
617.6342
_b
D25J
100
_a
Jain, Nimisha
245
_a
Deep margin elevation
260
_b
SGT University
_c
2025
300
_a
59
650
_a
Conservative Dentistry & Endodontics
942
_2
ddc
_c
TH
999
_c
31385
_d
31385